Statistics for European Suburbs Quiz

Click here to take the quiz!

General Stats

  • This quiz has been taken 213 times
  • The average score is 19 of 24

Answer Stats

HintAnswer% Correct
Wembley, TwickenhamLondon
99%
Saint-Denis, ArgenteuilParis
96%
Potsdam, OranienburgBerlin
95%
L'Hospitalet de Llobregat, BadalonaBarcelona
92%
Getafe, MóstolesMadrid
89%
Monza, Sesto San GiovanniMilan
89%
Anderlecht, ZaventemBrussels
86%
Hanau, MainzFrankfurt am Main
85%
Wolverhampton, West BromwichBirmingham
84%
Bolton, OldhamManchester
84%
Dachau, GermeringMunich
84%
Pruszków, LegionowoWarsaw
84%
Amadora, SetúbalLisbon
82%
Piraeus, AcharnaiAthens
80%
Espoo, VantaaHelsinki
79%
Fingal, Dún LaoghaireDublin
73%
Ercolano, AversaNaples
71%
Dordrecht, SpijkenisseRotterdam
71%
Sesto Fiorentino, ScandicciFlorence
68%
Vila Nova de Gaia, Foz de DouroPorto
66%
Pushkin, PeterhofSaint Petersburg
64%
Halifax, WakefieldLeeds
60%
Roubaix, TourcoingLille
50%
Torremolinos, FuengirolaMálaga
45%

Score Distribution

Percentile by Number Answered

Percent of People with Each Score

Your Score History

You have not taken this quiz